000 00868nam a2200253 a 4500
001 313
003 BR-CuiBMT
005 20231121231215.0
008 230929s2019 mgb 000 0 por d
020 _a9788545005568
040 _aBR-CuiBMT
_cBR-CuiBMT
080 _22007
_a347.447.7
090 _a347.447.7
_bA148c
100 1 _aAbilio, Vivianne da Silveira
245 1 0 _aCláusulas penais moratória e compensatória :
_bcritérios de distinção /
_cVivianne da Silveira Abilio ; prefácio Gustavo Tepedino.
260 _aBelo Horizonte :
_bFórum,
_c2019.
300 _a204 p. ;
_c22 cm
504 _aInclui bibliografia.
650 _aDireito civil
_xCláusula penal
_zBrasil
650 _aDireito civil
_xInadimplemento
_zBrasil
650 _aDireito civil
_xJuros compensatórios
_zBrasil
650 _aDireito civil
_xJuros de mora
_zBrasil
942 _2udc
_cLV
999 _c313
_d313